01191nam2a22002171 4500001001000000005001700010035002600027100004100053101000800094102000700102105001800109200017500127210001800302215004900320320005100369461043800420701005600858801001800914801002200932852001900954rc\55315920250621170107.0 a(NLR Aleph) 005818773 a20030616d1988 |||y0rusy50 ca0 arus aRU aa |||||||||1 aГеологическое строениеf[Л.И. Красный, Б.К. Любимов, В.А. Селиванов и др.gОтв. ред. Л.И. Красный] d1988aБ. м. a442, [1] с.cил.eПрил. (1 л. ил.) aБиблиогр.: с. 420-424 (106 назв.) 01001rc\55315812001#$aГеология зоны БАМ$dGeology of the BAM zone$f[Гл. ред. и авт. предисл. Е.А. Козловский]$gВсесоюз. н.-и. геол. ин-т им. А.П. Карпинского$vТ. 1cЛ.d1988-f[Гл. ред. и авт. предисл. Е.А. Козловский]lGeology of the BAM zonenНедра. Ленингр. отд-ниеtГеология зоны БАМvТ. 1 1aКрасныйbЛ.И.gЛев Исаакович 0aRUbNLRgpsbo 1aRUbELAR2rusmarc aNLRj88-7/1153